Cases and materials in company law (Record no. 101690)

MARC details
000 -LEADER
fixed length control field 00529cam a2200217 4500
008 - FIXED-LENGTH DATA ELEMENTS--GENERAL INFORMATION
fixed length control field 011012n2001 000 0 eng u
020 ## - INTERNATIONAL STANDARD BOOK NUMBER
International Standard Book Number 0406929599
035 ## - SYSTEM CONTROL NUMBER
System control number (Sirsi) u115078
050 ## - LIBRARY OF CONGRESS CALL NUMBER
Classification number 346.421066 SEA
100 ## - MAIN ENTRY--PERSONAL NAME
Personal name Sealy, L.
245 ## - TITLE STATEMENT
Title Cases and materials in company law
250 ## - EDITION STATEMENT
Edition statement 7th ed.
260 ## - PUBLICATION, DISTRIBUTION, ETC.
Place of publication, distribution, etc. London
Name of publisher, distributor, etc. Butterworths Law
Date of publication, distribution, etc. 2001
300 ## - PHYSICAL DESCRIPTION
Extent xxxv,680p.
Dimensions 25cm.
350 ## - PRICE (NR) (BK AM CF MU VM SE) [OBSOLETE]
Price 27.95
650 ## - SUBJECT ADDED ENTRY--TOPICAL TERM
Topical term or geographic name entry element BUSINESS LAW
650 ## - SUBJECT ADDED ENTRY--TOPICAL TERM
Topical term or geographic name entry element CASE LAW
650 ## - SUBJECT ADDED ENTRY--TOPICAL TERM
Topical term or geographic name entry element COMPANY LAW
690 ## - LOCAL SUBJECT ADDED ENTRY--TOPICAL TERM (OCLC, RLIN)
Topical term or geographic name as entry element LAW
942 ## - ADDED ENTRY ELEMENTS (KOHA)
Suppress in OPAC 0
Source of classification or shelving scheme Dewey Decimal Classification
Holdings
Withdrawn status Lost status Source of classification or shelving scheme Damaged status Not for loan Home library Current library Shelving location Date acquired Cost, normal purchase price Total Checkouts Full call number Barcode Date last seen Date last checked out Copy number Cost, replacement price Price effective from Koha item type
    Dewey Decimal Classification     London London Books 30/10/2001 23.76 8 346.41066 SEA 30065034 06/08/2019 31/05/2002 1 23.76 06/08/2019 Book